<?xml version="1.0" encoding="UTF-8"?>
<record
    xmlns:xsi="http://www.w3.org/2001/XMLSchema-instance"
    xsi:schemaLocation="http://www.loc.gov/MARC21/slim http://www.loc.gov/standards/marcxml/schema/MARC21slim.xsd"
    xmlns="http://www.loc.gov/MARC21/slim">

  <leader>03406nam a2200565Ia 4500</leader>
  <controlfield tag="001">4823</controlfield>
  <controlfield tag="008">241029s9999    xx            000 0 und d</controlfield>
  <datafield tag="010" ind1=" " ind2=" ">
    <subfield code="a">4559</subfield>
  </datafield>
  <datafield tag="041" ind1=" " ind2=" ">
    <subfield code="a">Espa&#xF1;ol</subfield>
  </datafield>
  <datafield tag="082" ind1=" " ind2=" ">
    <subfield code="a">PPC-2015-m372e</subfield>
  </datafield>
  <datafield tag="245" ind1=" " ind2="0">
    <subfield code="a">Estudio del efecto de un plan de capacitaci&#xF3;n en el desarrollo de la competencia profesional del estudiante en la  Licenciatura en Educaci&#xF3;n menci&#xF3;n Biolog&#xED;a y Qu&#xED;mica</subfield>
  </datafield>
  <datafield tag="260" ind1=" " ind2=" ">
    <subfield code="a">Santo Domingo</subfield>
  </datafield>
  <datafield tag="300" ind1=" " ind2=" ">
    <subfield code="a">88</subfield>
  </datafield>
  <datafield tag="520" ind1=" " ind2=" ">
    <subfield code="a">51</subfield>
  </datafield>
  <datafield tag="630" ind1=" " ind2=" ">
    <subfield code="a">Competencia Profesional</subfield>
  </datafield>
  <datafield tag="630" ind1=" " ind2=" ">
    <subfield code="a">Educaci&#xF3;n Superior</subfield>
  </datafield>
  <datafield tag="650" ind1=" " ind2=" ">
    <subfield code="a">Ciencias Qu&#xED;micas</subfield>
  </datafield>
  <datafield tag="690" ind1=" " ind2=" ">
    <subfield code="a">Elaborado</subfield>
  </datafield>
  <datafield tag="700" ind1=" " ind2=" ">
    <subfield code="e">asesor</subfield>
    <subfield code="a">G&#xF3;mez, Pl&#xE1;cido</subfield>
  </datafield>
  <datafield tag="700" ind1=" " ind2=" ">
    <subfield code="e">autor</subfield>
    <subfield code="a">Mercedes Bid&#xF3;, Ana Heidy</subfield>
  </datafield>
  <datafield tag="700" ind1=" " ind2=" ">
    <subfield code="e">autor</subfield>
    <subfield code="a">Moya Gonz&#xE1;lez, Nancy</subfield>
  </datafield>
  <datafield tag="700" ind1=" " ind2=" ">
    <subfield code="e">asesor</subfield>
    <subfield code="a">Puentes, &#xC3;&#x81;ngel</subfield>
  </datafield>
  <datafield tag="700" ind1=" " ind2=" ">
    <subfield code="e">asesor</subfield>
    <subfield code="a">Ram&#xED;rez, Ana </subfield>
  </datafield>
  <datafield tag="901" ind1=" " ind2=" ">
    <subfield code="a">{"1":"Mercedes Bid&#xF3;","2":"Moya Gonz&#xE1;lez"}</subfield>
    <subfield code="b">{"1":"Ana Heidy","2":"Nancy"}</subfield>
  </datafield>
  <datafield tag="902" ind1=" " ind2=" ">
    <subfield code="a">3</subfield>
  </datafield>
  <datafield tag="903" ind1=" " ind2=" ">
    <subfield code="a">{"1":"Puentes","2":"Ram&#xED;rez","3":"G&#xF3;mez"}</subfield>
    <subfield code="b">{"1":"&#xC3;&#x81;ngel","2":"Ana ","3":"Pl&#xE1;cido"}</subfield>
  </datafield>
  <datafield tag="904" ind1=" " ind2=" ">
    <subfield code="a">Mag&#xED;ster en</subfield>
  </datafield>
  <datafield tag="905" ind1=" " ind2=" ">
    <subfield code="a">Ciencias de la Educaci&#xF3;n Superior</subfield>
  </datafield>
  <datafield tag="906" ind1=" " ind2=" ">
    <subfield code="a">1</subfield>
  </datafield>
  <datafield tag="907" ind1=" " ind2=" ">
    <subfield code="a">Menci&#xF3;n en</subfield>
  </datafield>
  <datafield tag="908" ind1=" " ind2=" ">
    <subfield code="a">Ciencias Naturales</subfield>
  </datafield>
  <datafield tag="909" ind1=" " ind2=" ">
    <subfield code="a">Universidad Nacional Pedro Henr&#xED;quez Ure&#xF1;a (UNPHU), Recinto de La Vega</subfield>
  </datafield>
  <datafield tag="910" ind1=" " ind2=" ">
    <subfield code="a">NULL</subfield>
    <subfield code="b">NULL</subfield>
  </datafield>
  <datafield tag="911" ind1=" " ind2=" ">
    <subfield code="a">["1"]</subfield>
  </datafield>
  <datafield tag="912" ind1=" " ind2=" ">
    <subfield code="a">NO APLICA</subfield>
  </datafield>
  <datafield tag="913" ind1=" " ind2=" ">
    <subfield code="a">NULL</subfield>
  </datafield>
  <datafield tag="914" ind1=" " ind2=" ">
    <subfield code="a">09 de Septiembre de 2015</subfield>
  </datafield>
  <datafield tag="915" ind1=" " ind2=" ">
    <subfield code="a">21/11/16 11:11</subfield>
  </datafield>
  <datafield tag="916" ind1=" " ind2=" ">
    <subfield code="a">NULL</subfield>
  </datafield>
  <datafield tag="917" ind1=" " ind2=" ">
    <subfield code="a">NULL</subfield>
  </datafield>
  <datafield tag="918" ind1=" " ind2=" ">
    <subfield code="a">NO APLICA</subfield>
  </datafield>
  <datafield tag="919" ind1=" " ind2=" ">
    <subfield code="a">["39","83"]</subfield>
  </datafield>
  <datafield tag="520" ind1=" " ind2=" ">
    <subfield code="a">El objetivo principal de este informe consisti&#xF3; en determinar el efecto de un plan de capacitaci&#xF3;n sobre el desarrollo de la competencia profesional en el estudiante de la Licenciatura en Educaci&#xF3;n Menci&#xF3;n Biolog&#xED;a y Qu&#xED;mica. De igual modo, la metodolog&#xED;a que se implement&#xF3; fue de un enfoque mixto basado en la recolecci&#xF3;n de datos observables y medibles, procesados a trav&#xE9;s de m&#xE9;todos estad&#xED;sticos que permiten evaluar el efecto; su alcance es causal, puesto que pretende conocerla influencia que existe entre un plan de capacitaci&#xF3;n y desarrollo de la competencia profesional de los estudiantes, basado en un dise&#xF1;o experimental,de pre-experimento, pre-prueba y post-prueba.El estudio concluy&#xF3; que la educaci&#xF3;n impartida en la UASD, a los estudiantes de Licenciatura en educaci&#xF3;n,menci&#xF3;n Biolog&#xED;a y Qu&#xED;mica, no es adecuada, y genera incertidumbre respecto ala calidad de la ense&#xF1;anza que los alumnos de esos futuros docentes recibir&#xE1;n;a&#xF1;adi&#xF3; la necesidad de la creaci&#xF3;n de un perfil acorde a las necesidades de desarrollo nacional en esos profesionales. En adicci&#xF3;n a esto se plasm&#xF3; el impacto positivo que tuvieron los programas formativos de capacitaci&#xF3;n que implement&#xF3; la universidad, aunque se expuso que las problem&#xE1;ticas no pueden ser corregidas si las acciones formativas no son en base al diagn&#xF3;stico de las necesidades.El informe recomend&#xF3; continuar los programas formativos, y que estos sean una herramienta para la actualizaci&#xF3;n continua,manteni&#xE9;ndose a la vanguardia con las necesidades y requerimientos actuales.Del mismo modo, estrechar los v&#xED;nculos con el sector laboral correspondiente, a fin de establecerse un perfil competencia acorde a las necesidades reales del contexto.</subfield>
  </datafield>
  <datafield tag="921" ind1=" " ind2=" ">
    <subfield code="a">50</subfield>
  </datafield>
  <datafield tag="922" ind1=" " ind2=" ">
    <subfield code="a">50</subfield>
  </datafield>
  <datafield tag="923" ind1=" " ind2=" ">
    <subfield code="a">0</subfield>
  </datafield>
  <datafield tag="924" ind1=" " ind2=" ">
    <subfield code="a">NO APLICA</subfield>
  </datafield>
  <datafield tag="942" ind1=" " ind2=" ">
    <subfield code="c">Tesis</subfield>
  </datafield>
  <datafield tag="999" ind1=" " ind2=" ">
    <subfield code="c">4559</subfield>
    <subfield code="d">4559</subfield>
  </datafield>
</record>
